| 000 | 02753nam a2200469 i 4500 | ||
|---|---|---|---|
| 999 |
_c27988 _d27959 |
||
| 001 | 018140520 | ||
| 003 | EG-ScBUE | ||
| 005 | 20200202105414.0 | ||
| 008 | 150907s2015 cc af 000 0 eng d | ||
| 020 | _a9787511727190 | ||
| 035 | _a(OCoLC)920616473 | ||
| 040 |
_aBCBTC _beng _erda _cBCBTC _dOCLCQ _dEXG _dOCLCF _dUk _dEG-ScBUE |
||
| 041 | 1 |
_aeng _hchi |
|
| 043 | _aa-cc--- | ||
| 082 | 0 | 4 |
_a324.251075 _bPAR _222 |
| 240 | 1 | 0 |
_a中国共产党与世界对话集 : 中国改革, 执政党的角色. _lEnglish |
| 245 | 0 | 4 |
_aThe party and the world dialogue 2014 : _bChina's new reforms, the role of the party = 2014 Zhongguo gong chan dang yu shi jie dui hua ji : zhongguo gai ge, zhi zheng dang de jue se. |
| 246 | 3 | 1 |
_a2014 Zhongguo gong chan dang yu shi jie dui hua ji : _bzhongguo gai ge, zhi zheng dang de jue se |
| 250 | _aFirst edition. | ||
| 264 | 1 |
_aBeijing : _bCentral Compilation and Translation Press, _c2015. |
|
| 300 |
_a3, 432 pages, 12 unnumbered pages of plates : _billustrations (black and white, and colour) ; _c24 cm |
||
| 336 |
_atext _2rdacontent _btxt |
||
| 337 |
_aunmediated _2rdamedia _bn |
||
| 338 |
_avolume _2rdacarrier _bnc |
||
| 546 | _aText in English ; translated from the original Chinese language. | ||
| 610 | 2 | 7 |
_aZhongguo gong chan dang _xParty work. _2BUEsh |
| 651 | 7 |
_aChina _xPolitics and government _y21st century. _2BUEsh |
|
| 653 |
_bGGEN _cJanuary2020 |
||
| 655 | _vReading book | ||
| 880 | 0 | 4 |
_6245-01 _aThe party and the world dialogue 2014 : _bChina's new reforms, the role of the party = 2014中国共产党与世界对话集 : 中国改革, 执政党的角色 / _c中国当代世界研究中心, 中国和平发展基金会主编. |
| 880 | 3 | 1 |
_6246-02 _a2014中国共产党与世界对话集 : _b中国改革 : 执政党的角色 |
| 880 | 3 | 0 |
_6246-03 _a中国改革, 执政党的角色 |
| 880 |
_6250-04 _a第1版. |
||
| 880 | 1 |
_6264-05 _a北京 : _b中央编译出版社, _c2015. |
|
| 880 |
_6520-00 _a本书为"2014中国共产党与世界对话会"会议讨论的文字实录, 内容围绕中国改革的特色与共性, 改革的舆论监督, 没有零和博弈之结果的竞争等主题.与会者热烈讨论了改革背景, 决策制定与执行过程, 中国新一轮改革以及中国共产党的责任与角色等问题.本书真实纪录了各国政要, 学者对中国改革及中国共产党的探讨, 在对话中突出了多元的视角, 具有深刻的实践指导意义与理论研究价值. |
||
| 880 | 2 | 4 |
_6610-06 _a中国共产党 _xParty work. |
| 880 | 2 |
_6710-07 _a中国当代世界研究中心, _eeditor. |
|
| 880 | 2 |
_6710-08 _a中国和平发展基金会, _eeditor. |
|
| 942 |
_2ddc _cBB |
||